| 000 | 01539nam0a22003011 4500 | ||
|---|---|---|---|
| 001 | rc\4027594 | ||
| 005 | 20260407071823.0 | ||
| 021 |
_aRU _b[56-45865] |
||
| 035 | _a(NLR Aleph) 008090248 | ||
| 090 |
_a9179002 _c9179002 |
||
| 100 | _a20130415d1956 |||y0rusy50 ca | ||
| 101 | 0 | _arus | |
| 102 | _aRU | ||
| 105 | _ay c ||||| | ||
| 200 | 1 |
_aВыращивание молодняка сельскохозяйственных животных и птицы _e(Рек. указатель литературы) _fМ-во культуры РСФСР. Гос. ордена Труд. Красного Знамени публичная б-ка им. М.Е. Салтыкова-Щедрина |
|
| 210 |
_aЛенинград _cБ. и. _d1956 |
||
| 215 |
_a20 с. _d20 |
||
| 300 | _aСост. указан на обороте тит. л. | ||
| 606 |
_aМолодняк сельскохозяйственной птицы _xВыращивание _jБиблиография _2psbo |
||
| 606 |
_aМолодняк сельскохозяйственных животных _xВыращивание _jБиблиография _2psbo |
||
| 700 | 1 |
_7ca _8rus _aГнучева _bВ. В. _f1914-1980 _gВера Владимировна _9213892 _3RU\NLR\AUTH\770213948 |
|
| 712 | 0 | 2 |
_aПубличная библиотека им. М. Е. Салтыкова-Щедрина _cЛенинград _3RU\NLR\AUTH\88594 _9272032 |
| 801 | 0 |
_aRU _bNLR _gpsbo |
|
| 801 | 1 |
_aRU _bELAR _2rusmarc |
|
| 852 |
_aNLR _jС 381-660/Г-56 |
||
| 942 | _cBOOK | ||
| 980 | _aNB | ||